Mil libros compendiados (Record no. 112838)

MARC details
000 -LEADER
campo de control de longitud fija 00561nam a2200169 4500
001 - NÚMERO DE CONTROL
campo de control 112838
003 - IDENTIFICADOR DE NÚMERO DE CONTROL
campo de control ES-MaACL
005 - FECHA Y HORA DE LA ÚLTIMA TRANSACCIÓN
campo de control 20230906185640.0
007 - CAMPO FIJO DE DESCRIPCIÓN FÍSICA--INFORMACIÓN GENERAL
campo de control de longitud fija t|
008 - DATOS DE LONGITUD FIJA--INFORMACIÓN GENERAL
campo de control de longitud fija 061121q1940 sp r ||||1| spa d
100 1# - ENTRADA PRINCIPAL--NOMBRE DE PERSONA
Nombre de persona Nueda, Luis.
9 (RLIN) 86120
245 10 - MENCIÓN DEL TÍTULO
Título Mil libros compendiados
Resto del título : reseñas del contenido de más de un millar de volúmenes de Ciencias, Ensayos, Estética, Filosofía, Religión /
Mención de responsabilidad, etc. Luis Nueda.
260 ## - PUBLICACIÓN, DISTRIBUCIÓN, ETC.
Lugar de publicación, distribución, etc. Madrid :
Nombre del editor, distribuidor, etc. M. Aguilar,
Fecha de publicación, distribución, etc. [1940?]
300 ## - DESCRIPCIÓN FÍSICA
Extensión 2 v. ;
Dimensiones 20 cm.
500 ## - NOTA GENERAL
Nota general Falta el v. 2.
852 ## - LOCALIZACIÓN
Ubicación ES-MaACL
Número de control de estantería A-5335-36
Sublocalización o colección R.18575
Holdings
Estatus retirado Estado de pérdida Estado de daño No para préstamo Biblioteca de origen Biblioteca actual Ubicación en estantería Fecha de adquisición Fuente de adquisición Total de préstamos Signatura topográfica completa Código de barras Visto por última vez Precio de reemplazo Tipo de ítem Koha
        Biblioteca del Ateneo de Madrid Biblioteca del Ateneo de Madrid Sala Pecera Planta 1 17/01/2008     A-5335-36 1117699 23/02/2023 23/02/2023 Libro impreso